| 000 | 00568nam a2200169 i 4500 | ||
|---|---|---|---|
| 001 | 48627 | ||
| 003 | ES-MaACL | ||
| 005 | 20230906161803.0 | ||
| 007 | t| | ||
| 008 | 950725s1875 fr |||| | fre d | ||
| 100 | 1 |
_aDiard, H. _944106 |
|
| 245 | 1 | 0 |
_aEtudes sur le système pénitentiaire et sur son application au régime des prisons de France / _cpar H. Diard... |
| 260 |
_aTours : _b[s.n.], _c1875 ( _fImp. Ladevèze) |
||
| 300 |
_aVIII, 168 p. ; _c22 cm. |
||
| 650 |
_aDerecho penitenciario- _zFrancia. _9141896 |
||
| 852 |
_aES-MaACL _jD-203(1) _z.- Donativo Lastres |
||
| 999 |
_c48627 _d48627 |
||